000
00264nam a2200109Ia 4500
008
220204s9999 xx 000 0 und d
082
_b
GIL
100
_a
Gilchrist, Warren
245
0
_a
Statistical forecasting
260
_a
New York
_b
John Wiley
_c
1976
942
_c
BK
999
_c
30595
_d
30595